Geometry Dash Difficulty - Statistics

General Stats
  • This quiz has been taken 30 times
  • The average score is 11 of 12
Answer Stats
Picture Answer % Correct
Easy
97%
Insane
97%
Hard
93%
Extreme Demon
90%
Harder
90%
Insane Demon
90%
NA / Unrated
90%
Auto
86%
Easy Demon
86%
Hard Demon
86%
Medium Demon
86%
Normal
86%
No matching quizzes found
Score Distribution
Percent of People with Each Score
Percentile by Number Answered
Your Score History
You have not taken this quiz